Vocabulaire musical par lettre - A - Statistiques

Statistiques générales
  • Ce quiz a été pris 30 fois
  • Le résultat moyen est 5 sur 15
Statistiques - réponses
Indice Réponse % Correct
Instrument composé d'un clavier de boutons, et de soufflets accordéon
71%
Les hauteurs de note : grave, médium, ... aigu
71%
Des notes empilées les unes sur les autres accord
68%
Une quinte plus bas que le violon alto
64%
Outil dont se servent certains instrumentistes pour frotter les cordes archet
50%
Petite remise à niveau pour les cordes d'un instrument accordage
46%
Tempo moyennement lent adagio
32%
Indique les dièses et bémols à la clé armure
29%
Indication de jouer une note plus forte accent
18%
Indique qu'on doit reprendre la vitesse initiale a tempo
18%
Fa-Si, célèbre quarte ... augmentée
14%
Placée devant une note, elle modifie ou "réinitialise" sa hauteur altération
11%
Un synonyme de tessiture ambitus
11%
Mesure incomplète au début d'un morceau anacrouse
11%
Gamme de notes conjointes aux sons de plus en plus hauts ascendante
11%
Aucun quiz correspondant
Distribution des résultats
% des personnes avec chaque résultat
Percentile par nombre de réponses
Votre historique - résultats
Vous n’avez pas pris ce quiz